000 01599nam a2200325 i 4500
001 186200
003 SpMaBN
005 20231210122858.0
008 160916s2006 sp |||| |dspa d
020 _a84-259-1333-0
080 _a929 López de Mendoza y Pons, Agustin
080 _a94(460)"1700/14"(093.3)
080 _a355.48(460)"1700/14"(093.3)
100 1 _aLópez de Mendoza y Pons, Agustín
_cConde de Robres.
_9131902
245 1 0 _aMemorias para la historia de las guerras civiles de España /
_cConde de Robres ; estudio preliminar y transcripción de José María Iñurritegui.
260 _aMadrid :
_bCentro de Estudios Políticos y Constitucionales,
_c2006.
300 _aXCVII, 336 p. ;
_c23 cm.
490 1 _aClásicos del pensamiento político y constitucional español
600 1 7 _aLópez de Mendoza y Pons, Agustín
_cConde de Robres.
_9131902
650 7 _aGuerra de Sucesión española, 1700-1714-
_vRelatos personales.
_9160896
700 1 _aIñurritegui, José María.
_9160897
710 2 _aCentro de Estudios Políticos y Constitucionales (España)
_92666
740 0 2 _aHistoria de las guerras civiles de España: desde la muerte del señor Carlos II... distribuida en ocho libros... hasta... 1708.
830 0 _aClásicos del pensamiento político y constitucional español
_9180380
852 _aES-MaACL
_jA-13956
_9193255
_bR.151163
_cDEPO1
_dOlim: N-6956
_hDonacion: Luis Arriaga
_xEncuadernación en cartoné
903 _923276
_aArriaga, José Luis
_ednr
942 _2udc
_cMONOGRAFIA
999 _c186200
_d186200